Communes au nom commun - Mort Subite #7 - Statistiques

Statistiques générales
  • Ce quiz a été pris 21 fois
  • Le résultat moyen est 11 sur 20
Answers on the Grid
Answers color-coded by a green-red scale on the quiz's grid according to % correct below.
Molles
Luisant
Juré
Francs
Fins
Charmé
Brusque
Athée
Blond
Marines
Mouchard
Moyen
Plats
Précieux
Riche
Saillant
Souillé
Vieux
Voisines
Fouilleuse
Mortifère
Chevelues
Aguicheur
Psychopathe
Barjots
Fracassante
Orthodoxe
Extraordinaires
Chlorure
Indexées
 
Statistiques - réponses
Réponse % Correct
Charente (16) Charmé
78%
Calvados (14) / Tarn (81) Vieux
78%
Allier (03) Molles
72%
Gironde (33) Francs
67%
Loire (42) Juré
67%
Moselle (57) Riche
67%
Puy-de-Dôme (63) Saillant
67%
Sarthe (72) Souillé
67%
Sommes (80) Fins
61%
Eure-et-Loir (28) Luisant
56%
Jura (39) Mouchard
56%
Haute-Marne (52) / Yonne (89) Voisines
56%
Val-d'Oise (95) Marines
50%
Haute-Vienne (87) Blond
44%
Meurthe-et-Moselle (54) Moyen
44%
Ardèche (07) Plats
44%
Côte-d'Or (21) / Mayenne (53) Athée
39%
Aveyron (12) Brusque
33%
Oise (60) Fouilleuse
22%
Loire (42) Précieux
22%
Aucun quiz correspondant
Distribution des résultats
% des personnes avec chaque résultat
Percentile par nombre de réponses
Votre historique - résultats
Vous n’avez pas pris ce quiz